000 00492nam a2200181Ia 4500
001 12772
003 IN-NITTTR
005 20251114233119.0
008 251113s9999||||xx |||||||||||||| ||eng||
040 _beng
040 _cIN-NITTTR
041 _aeng
082 _a004.16 G821U
100 _aGreenfielld, Joseph D.
245 0 _aUsing microprocessors and microcomputers :
_b the 6800 family /
_cGreenfielld, Joseph D., Wray, William C.
700 _a Wray, William C.
942 _2ddc
_cBK
999 _c15408
_d15408